| 000 | 00404nam a22001577a 4500 | ||
|---|---|---|---|
| 003 | macl | ||
| 005 | 20221229133041.0 | ||
| 008 | 221229b |||||||| |||| 00| 0 eng d | ||
| 040 | _cmacl | ||
| 082 | _a320 | ||
| 100 |
_aEdi. Mohit Aggarwal _981650 |
||
| 245 | _aDragons Look south chinas south Asian Neighborhood Policy | ||
| 260 |
_aDelhi _bJawahar Pub. _c2017 |
||
| 650 | _aPolitical | ||
| 942 |
_2ddc _cBK |
||
| 999 |
_c65805 _d65805 |
||